|
|
|
|
| LEADER |
01287nam a22002897a 4500 |
| 001 |
41255 |
| 003 |
BD-DhAAL |
| 008 |
230524t2014 bg ab||| |||| 001 0 ben d |
| 020 |
|
|
|a 9789849073949
|
| 040 |
|
|
|a BD-DhAAL
|c BD-DhAAL
|
| 041 |
|
|
|a ben
|
| 082 |
|
|
|a 709
|2 23
|
| 100 |
|
|
|a গমব্রিচ, ই. এইচ.,
|d ১৯০৯-২০০১.
|9 54332
|
| 245 |
|
|
|a শিল্প কাহিনী /
|c এর্নস্ট হান্স জোসেফ গমব্রিচ ; অনুবাদক শামসুদ্দিন চৌধুরী.
|
| 246 |
|
|
|a The story of art
|
| 246 |
|
|
|a Shilpo kahini
|
| 260 |
|
|
|a ঢাকা :
|b নোকতা,
|c ২০১৪.
|
| 300 |
|
|
|a ৬৮৫ পৃষ্ঠা :
|b চিত্র ;
|c ২৫ সে.মি.
|
| 500 |
|
|
|a নির্ঘণ্ট অন্তর্ভুক্ত।
|
| 541 |
|
|
|a Donated By Akbar Ali Khan
|e 41255
|
| 650 |
|
|
|a Art
|x History.
|
| 650 |
|
|
|a Art.
|
| 700 |
|
|
|a চৌধুরী, শামসুদ্দিন
|9 54333
|
| 852 |
|
|
|a Ayesha Abed Library
|c Akbar Ali Khan Collection
|
| 942 |
|
|
|2 ddc
|c BK
|
| 999 |
|
|
|c 45802
|d 45802
|
| 952 |
|
|
|0 0
|1 0
|2 ddc
|4 0
|6 709_000000000000000_GOM
|7 1
|9 73684
|a BRACUL
|b BRACUL
|c AAKC
|d 2023-05-24
|e Donated By Akbar Ali Khan
|l 0
|o 709 GOM
|p 3010041255
|r 2023-05-24
|t 1
|w 2023-05-24
|y BK
|